[Event "CE Selecciones Autonómicas U14"]
[Site "Padrón"]
[Date "2017.06.23"]
[Round "3.1"]
[White "Svyatoslav, Vorobyev"]
[Black "Escartin Lacasa, Jose"]
[Result "0-1"]
[WhiteElo "1781"]
[BlackElo "1928"]
[PlyCount "66"]
[EventDate "2017.06.22"]
[EventType ""]
[EventRounds "6"]
[EventCountry "ESP"]
[WhiteTeam "Euskadi (U14)"]
[BlackTeam "Aragon (U14)"]
[WhiteTeamCountry "ESP"]
[BlackTeamCountry "ESP"]

1. e4 c5 2. Nc3 e6 3. Nf3 Nc6 4. d4 cxd4 5. Nxd4 Nf6 6. Ndb5 d6 7. Bf4 e5 8.
Bg5 a6 9. Na3 Be6 10. Nc4 b5 11. Ne3 Be7 12. Bxf6 Bxf6 13. Ncd5 Bg5 14. c3 O-O
15. a4 Bxe3 16. Nxe3 b4 17. c4 Nd4 18. b3 Qg5 19. Rb1 f5 20. Nc2 Nxc2+ 21. Qxc2
fxe4 22. Rd1 e3 23. fxe3 Bg4 24. Qd2 Bxd1 25. Kxd1 a5 26. Bd3 Rf6 27. c5 dxc5
28. Bc4+ Kh8 29. Kc2 Raf8 30. h4 Qg3 31. Rh3 Qg6+ 32. Bd3 e4 33. Be2 Qxg2 0-1

[Event "CE Selecciones Autonómicas U14"]
[Site "Padrón"]
[Date "2017.06.23"]
[Round "3.2"]
[White "Polo Agustin, Lara"]
[Black "Manterola Ubillos, Josu"]
[Result "0-1"]
[WhiteElo "1452"]
[BlackElo "1674"]
[PlyCount "88"]
[EventDate "2017.06.22"]
[EventType ""]
[EventRounds "6"]
[EventCountry "ESP"]
[WhiteTeam "Aragon (U14)"]
[BlackTeam "Euskadi (U14)"]
[WhiteTeamCountry "ESP"]
[BlackTeamCountry "ESP"]

1. e4 e5 2. Nf3 d6 3. Nc3 Nf6 4. Bc4 Be7 5. d3 O-O 6. h3 Be6 7. Bb3 Bxb3 8.
axb3 Nbd7 9. O-O Re8 10. Be3 Nf8 11. Qd2 Ng6 12. Ne2 Bf8 13. Ng3 a6 14. Bg5 h6
15. Be3 d5 16. exd5 Nxd5 17. Rfe1 Bd6 18. Nf5 Qf6 19. Nxd6 cxd6 20. Qa5 Ngf4
21. Bxf4 Nxf4 22. Qb6 Nxh3+ 23. gxh3 Qxf3 24. Qxd6 Re6 25. Re3 Qxh3 26. Qxe5
Rxe5 27. Rxh3 Re2 28. Rc1 Rc8 29. Re3 Rcxc2 30. Rxc2 Rxc2 31. Re8+ Kh7 32. Re7
b5 33. Rxf7 Rxb2 34. d4 Rxb3 35. d5 Rd3 36. Ra7 Rxd5 37. Rxa6 Rd1+ 38. Kg2 Rb1
39. Rb6 b4 40. Kf3 b3 41. Ke2 b2 42. Kd2 Rf1 43. Ke2 b1=Q 44. Rxb1 Rxb1 0-1

[Event "CE Selecciones Autonómicas U14"]
[Site "Padrón"]
[Date "2017.06.23"]
[Round "3.1"]
[White "Gonzalez Guedes, Iyan"]
[Black "Jaramago Ledo, Javier"]
[Result "1-0"]
[WhiteElo "1851"]
[BlackElo "1535"]
[PlyCount "83"]
[EventDate "2017.06.22"]
[EventType ""]
[EventRounds "6"]
[EventCountry "ESP"]
[WhiteTeam "Asturias (U14)"]
[BlackTeam "Extremadura (U14)"]
[WhiteTeamCountry "ESP"]
[BlackTeamCountry "ESP"]

1. e4 e6 2. d4 d5 3. e5 c5 4. c3 Nc6 5. Nf3 Qb6 6. a3 a5 7. Bd3 Bd7 8. dxc5
Bxc5 9. O-O Nge7 10. Nbd2 Ng6 11. Bxg6 hxg6 12. Nb3 Be7 13. Nbd4 Qc7 14. Nb5
Qb6 15. a4 Rc8 16. Be3 Qd8 17. Qb3 f6 18. Bb6 Qxb6 19. Nd6+ Bxd6 20. Qxb6 fxe5
21. h3 e4 22. Nd4 Nxd4 23. Qxd6 Ne2+ 24. Kh2 g5 25. Rae1 Nf4 26. f3 Nd3 27. Re3
Nxb2 28. Qe5 Rf8 29. Qxg7 Nc4 30. Qg6+ Rf7 31. fxe4 Nxe3 32. Rxf7 Kd8 33. Qxg5+
Kc7 34. Qxe3 dxe4 35. Qd4 Rd8 36. c4 Kc8 37. Qxe4 Re8 38. Qe5 Kd8 39. Qd6 Re7
40. Rxe7 Kc8 41. Qxd7+ Kb8 42. Qxb7# 1-0

[Event "CE Selecciones Autonómicas U14"]
[Site "Padrón"]
[Date "2017.06.23"]
[Round "3.2"]
[White "Pascual Martinez, Daniel"]
[Black "Badillo Ramos, Steve"]
[Result "0-1"]
[WhiteElo "1274"]
[BlackElo "1802"]
[PlyCount "108"]
[EventDate "2017.06.22"]
[EventType ""]
[EventRounds "6"]
[EventCountry "ESP"]
[WhiteTeam "Extremadura (U14)"]
[BlackTeam "Asturias (U14)"]
[WhiteTeamCountry "ESP"]
[BlackTeamCountry "ESP"]

1. d4 d5 2. Nf3 Nf6 3. e3 e6 4. Bd3 c5 5. c3 Nc6 6. Nbd2 Bd6 7. O-O cxd4 8.
exd4 O-O 9. Re1 Qc7 10. Nf1 e5 11. dxe5 Nxe5 12. Nxe5 Bxe5 13. Bg5 Bg4 14. Qc2
h6 15. Bh4 Nh5 16. Bg3 Nxg3 17. hxg3 Rac8 18. Ne3 Be6 19. Rac1 Rfd8 20. Red1
Qb6 21. Qe2 d4 22. cxd4 Rxc1 23. Rxc1 Qxd4 24. Bf5 Bxf5 25. Nxf5 Qxb2 26. Rc2
Qb1+ 27. Kh2 Rd1 28. Ne7+ Kh8 29. Rc8+ Kh7 30. Qxd1 Qxd1 31. Re8 Qd7 32. Rc8
Qxe7 33. Rc1 Qh4+ 34. Kg1 Bxg3 35. fxg3 Qxg3 36. Rf1 Qe3+ 37. Kh1 Qe6 38. Rb1
Qxa2 39. Rxb7 Kg6 40. Rb5 Qa1+ 41. Kh2 Qf1 42. Rb7 a5 43. Ra7 Qf4+ 44. Kh1 a4
45. Ra5 a3 46. Ra6+ Qf6 47. Rxf6+ Kxf6 48. Kg1 a2 49. Kh2 a1=Q 50. Kg3 Kg5 51.
Kf2 Qc3 52. Ke2 Kf4 53. Kd1 Ke3 54. g4 Qd2# 0-1

[Event "CE Selecciones Autonómicas U14"]
[Site "Padrón"]
[Date "2017.06.23"]
[Round "3.1"]
[White "Sainz Allo, Javier"]
[Black "Amengual Perello, Jordi"]
[Result "1/2-1/2"]
[WhiteElo "1369"]
[BlackElo "1728"]
[PlyCount "137"]
[EventDate "2017.06.22"]
[EventType ""]
[EventRounds "6"]
[EventCountry "ESP"]
[WhiteTeam "La Rioja (U14)"]
[BlackTeam "Baleares (U14)"]
[WhiteTeamCountry "ESP"]
[BlackTeamCountry "ESP"]

1. e4 e5 2. Nf3 Nf6 3. Nxe5 d6 4. Nf3 Nxe4 5. d4 d5 6. Be2 Bf5 7. O-O Be7 8.
Nbd2 Nc6 9. c3 O-O 10. Nxe4 dxe4 11. Nd2 Bg5 12. Nb3 Bxc1 13. Qxc1 Ne7 14. Qg5
Bg6 15. f3 b6 16. fxe4 Bxe4 17. Bf3 Bxf3 18. Rxf3 Qd7 19. Raf1 Rae8 20. h4 Qd5
21. Qxd5 Nxd5 22. Kf2 Re4 23. Kg3 f6 24. a4 a5 25. Nd2 Re2 26. R1f2 Rfe8 27.
Rxe2 Rxe2 28. Rf2 Re1 29. Rf1 Re7 30. Nf3 Kf7 31. Re1 Rxe1 32. Nxe1 Ne3 33. Kf3
Nc4 34. Nd3 c6 35. b4 g6 36. bxa5 Nxa5 37. Nb4 Ke6 38. Ke4 f5+ 39. Kf4 h6 40.
g3 Kf6 41. Nd3 g5+ 42. hxg5+ hxg5+ 43. Kf3 Nc4 44. Nb4 Na5 45. Nd3 Ke6 46. Ne5
c5 47. Ke3 Kd5 48. Nf7 Nc4+ 49. Kd3 Nb2+ 50. Kc2 Nxa4 51. dxc5 bxc5 52. Nxg5
Kc4 53. Ne6 Nxc3 54. Nxc5 Ne2 55. Ne6 Nxg3 56. Kd2 Kd5 57. Nf4+ Ke4 58. Ng2
Nf1+ 59. Ke2 Nh2 60. Kf2 Ng4+ 61. Ke2 Ne5 62. Kf2 Nd3+ 63. Ke2 Nf4+ 64. Nxf4
Kxf4 65. Kf2 Kg4 66. Kg2 f4 67. Kf2 f3 68. Kf1 Kg3 69. Kg1 1/2-1/2

[Event "CE Selecciones Autonómicas U14"]
[Site "Padrón"]
[Date "2017.06.23"]
[Round "3.2"]
[White "Ponseti Lluch, Joan"]
[Black "Saenz Villalta, Celia"]
[Result "1-0"]
[WhiteElo "1595"]
[BlackElo "1275"]
[PlyCount "61"]
[EventDate "2017.06.22"]
[EventType ""]
[EventRounds "6"]
[EventCountry "ESP"]
[WhiteTeam "Baleares (U14)"]
[BlackTeam "La Rioja (U14)"]
[WhiteTeamCountry "ESP"]
[BlackTeamCountry "ESP"]

1. d4 d5 2. Nf3 Nf6 3. e3 Nc6 4. Bd3 e6 5. c3 Bd6 6. Nbd2 O-O 7. O-O Bd7 8. e4
e5 9. Re1 exd4 10. e5 Nxe5 11. Nxe5 Bxe5 12. Rxe5 Ng4 13. Re2 dxc3 14. bxc3 Qf6
15. Bb2 c5 16. Nf3 Rfe8 17. Rxe8+ Rxe8 18. h3 Ne5 19. Nxe5 Qxe5 20. Qd2 Qf6 21.
Bf1 Re5 22. Re1 Rg5 23. Qe3 h6 24. Bd3 Qd6 25. Qe7 Qxe7 26. Rxe7 Bc6 27. Bc1
Rh5 28. Kh2 f6 29. f4 f5 30. Be2 Rh4 31. g3 1-0

[Event "CE Selecciones Autonómicas U14"]
[Site "Padrón"]
[Date "2017.06.23"]
[Round "3.3"]
[White "Iglesias Abroma, Carla"]
[Black "Cabello Ferrer, Raquel"]
[Result "1/2-1/2"]
[WhiteElo "1224"]
[BlackElo "1539"]
[PlyCount "126"]
[EventDate "2017.06.22"]
[EventType ""]
[EventRounds "6"]
[EventCountry "ESP"]
[WhiteTeam "La Rioja (U14)"]
[BlackTeam "Baleares (U14)"]
[WhiteTeamCountry "ESP"]
[BlackTeamCountry "ESP"]

1. e4 e5 2. Bc4 Nf6 3. d3 Nc6 4. Nf3 d6 5. O-O Bg4 6. Nbd2 Nd4 7. Re1 c6 8. c3
Nxf3+ 9. Nxf3 g6 10. Qb3 Qe7 11. Ng5 Bg7 12. Bxf7+ Kd8 13. Be3 h6 14. Ne6+ Bxe6
15. Bxe6 Kc7 16. Bd2 Nd7 17. Bxd7 Qxd7 18. Re3 Rhf8 19. Rd1 Qf7 20. Qxf7+ Rxf7
21. d4 exd4 22. cxd4 Bxd4 23. Rf3 Rxf3 24. gxf3 h5 25. Bf4 Be5 26. Bxe5 dxe5
27. Kg2 Rg8 28. Kg3 g5 29. h4 g4 30. f4 exf4+ 31. Kxf4 Rf8+ 32. Kg3 Rf3+ 33.
Kg2 Rf4 34. Rd4 a6 35. Kf1 Kb6 36. Ke2 Kc5 37. Ra4 Kb5 38. b3 a5 39. e5 Rxa4
40. bxa4+ Kc5 41. f3 gxf3+ 42. Kxf3 Kd5 43. Kf4 Ke6 44. Ke4 b5 45. axb5 cxb5
46. Kd4 a4 47. a3 Ke7 48. Kc5 Ke6 49. Kxb5 Kxe5 50. Kxa4 Kf4 51. Kb4 Kg4 52. a4
Kxh4 53. a5 Kg3 54. a6 h4 55. a7 h3 56. a8=Q h2 57. Kc3 Kf2 58. Qh8 Kg1 59.
Qg7+ Kh1 60. Qh6 Kg2 61. Qg5+ Kf2 62. Qh4+ Kg2 63. Qg4+ Kh1 1/2-1/2

[Event "CE Selecciones Autonómicas U14"]
[Site "Padrón"]
[Date "2017.06.23"]
[Round "3.4"]
[White "Bagur Bosch, Maria"]
[Black "Fernandez Alvarez, Mario"]
[Result "0-1"]
[WhiteElo "1498"]
[BlackElo "1103"]
[PlyCount "130"]
[EventDate "2017.06.22"]
[EventType ""]
[EventRounds "6"]
[EventCountry "ESP"]
[WhiteTeam "Baleares (U14)"]
[BlackTeam "La Rioja (U14)"]
[WhiteTeamCountry "ESP"]
[BlackTeamCountry "ESP"]

1. e4 e5 2. Nf3 Nc6 3. Bb5 a6 4. Bxc6 dxc6 5. O-O Bd6 6. d4 exd4 7. Qxd4 Bg4 8.
Qxg7 Bxf3 9. Qxh8 Qh4 10. Qxg8+ Bf8 11. Qg5 Qxe4 12. Qe3 Qxe3 13. Bxe3 Be4 14.
c3 O-O-O 15. Re1 Bg6 16. Bg5 f6 17. Bxf6 Rd6 18. Re8+ Bxe8 19. Bd4 c5 20. Nd2
cxd4 21. Ne4 Re6 22. Ng5 Re7 23. cxd4 Bh6 24. Nf3 Re2 25. b3 Bc6 26. Ne5 Bd5
27. h3 Rd2 28. Ng4 Bg5 29. Re1 Rxd4 30. f4 Bxf4 31. Nf6 Bc6 32. Nxh7 Rd2 33.
Re7 Rxg2+ 34. Kf1 Rxa2 35. Rf7 Bd6 36. Rg7 Bb5+ 37. Ke1 Re2+ 38. Kd1 Re7 39.
Rg8+ Re8 40. Rg2 Be7 41. Rg7 Bd3 42. Ng5 Bxg5 43. Rxg5 Rh8 44. h4 Rxh4 45. Rg8+
Kd7 46. Rg7+ Kc6 47. Rg3 Be4 48. Rc3+ Kb6 49. Kd2 Bd5 50. Kc2 Rb4 51. Kb2 Rxb3+
52. Rxb3+ Bxb3 53. Kxb3 c5 54. Ka4 Kc6 55. Ka5 Kd5 56. Ka4 Kd4 57. Kb3 Kd3 58.
Ka2 c4 59. Ka1 Kd2 60. Kb2 c3+ 61. Kb1 c2+ 62. Ka2 c1=Q 63. Kb3 Qc3+ 64. Ka4
Qb2 65. Ka5 Kc3 0-1

[Event "CE Selecciones Autonómicas U14"]
[Site "Padrón"]
[Date "2017.06.23"]
[Round "3.1"]
[White "Del Rio Perezagua, Mario"]
[Black "Fernandez Lopez, Ruben"]
[Result "0-1"]
[WhiteElo "1610"]
[BlackElo "1982"]
[PlyCount "76"]
[EventDate "2017.06.22"]
[EventType ""]
[EventRounds "6"]
[EventCountry "ESP"]
[WhiteTeam "Castilla La Mancha (U14)"]
[BlackTeam "Galicia (U14)"]
[WhiteTeamCountry "ESP"]
[BlackTeamCountry "ESP"]

1. Nf3 Nf6 2. g3 g6 3. Bg2 Bg7 4. O-O O-O 5. d3 d6 6. e4 c5 7. Re1 Nc6 8. Nbd2
Nd7 9. c3 Rb8 10. Nb3 b5 11. d4 b4 12. Be3 a5 13. Qd2 a4 14. Nc1 Qa5 15. Ne2 a3
16. b3 bxc3 17. Nxc3 c4 18. Reb1 cxb3 19. Rxb3 Rxb3 20. axb3 Qb4 21. Nb1 Qxb3
22. Nxa3 Nf6 23. Ne1 Ng4 24. Nac2 Nxe3 25. fxe3 Bd7 26. Nd3 Qb6 27. Ndb4 e6 28.
Ra6 Qb7 29. Bf1 Nxb4 30. Nxb4 Qxe4 31. Bd3 Qb7 32. Rxd6 Bh6 33. Nc2 Ba4 34. Qe2
Rc8 35. Ne1 Rc1 36. Rd8+ Kg7 37. Kf2 Qh1 38. Nf3 Bd1 0-1

[Event "CE Selecciones Autonómicas U14"]
[Site "Padrón"]
[Date "2017.06.23"]
[Round "3.2"]
[White "Ferreno Sanmartin, Angel"]
[Black "Roldan Hernandez, Lucia"]
[Result "1-0"]
[WhiteElo "1958"]
[BlackElo "1502"]
[PlyCount "119"]
[EventDate "2017.06.22"]
[EventType ""]
[EventRounds "6"]
[EventCountry "ESP"]
[WhiteTeam "Galicia (U14)"]
[BlackTeam "Castilla La Mancha (U14)"]
[WhiteTeamCountry "ESP"]
[BlackTeamCountry "ESP"]

1. e4 e5 2. Nf3 Nc6 3. Bb5 d6 4. d4 exd4 5. Nxd4 Bd7 6. Bxc6 Bxc6 7. Nxc6 bxc6
8. O-O Nf6 9. Re1 Be7 10. c4 O-O 11. Nc3 Re8 12. b3 Nd7 13. Bb2 Bf6 14. Qc2 Ne5
15. Rad1 Qd7 16. f3 Qe6 17. Ne2 Bh4 18. Rf1 g6 19. Nd4 Qd7 20. c5 a6 21. Qc3
Bf6 22. cxd6 cxd6 23. Qd2 Rad8 24. Kh1 Qc7 25. Rc1 c5 26. Ne2 Nd7 27. Nc3 Nb6
28. Rfd1 Qe7 29. Qd3 Qb7 30. Ba1 Be5 31. Nd5 Nxd5 32. Qxd5 Qb5 33. Qd3 Qa5 34.
Qc2 Qb6 35. Rd5 Bxa1 36. Rxa1 Qb4 37. Qd2 Qb6 38. Rd1 Re6 39. h3 Qc7 40. Qg5
Rd7 41. Qd2 Qb6 42. Qc3 Rc7 43. h4 h5 44. Qd2 Rd7 45. Qh6 Qd8 46. Rg5 Qe7 47.
Qxh5 Kg7 48. Qg4 Kh6 49. Qf4 Kg7 50. h5 Rf6 51. Qg3 Kh6 52. Rdd5 Kg7 53. hxg6
Rxg6 54. Rxg6+ fxg6 55. e5 dxe5 56. Qxe5+ Qxe5 57. Rxe5 Rd2 58. a4 Rd3 59. Rxc5
Rxb3 60. Rc6 1-0

[Event "CE Selecciones Autonómicas U14"]
[Site "Padrón"]
[Date "2017.06.23"]
[Round "3.3"]
[White "Rivera Rodriguez, Luis Fernando"]
[Black "Quintas Fernandez, Marta"]
[Result "0-1"]
[WhiteElo "1387"]
[BlackElo "1376"]
[PlyCount "34"]
[EventDate "2017.06.22"]
[EventType ""]
[EventRounds "6"]
[EventCountry "ESP"]
[WhiteTeam "Castilla La Mancha (U14)"]
[BlackTeam "Galicia (U14)"]
[WhiteTeamCountry "ESP"]
[BlackTeamCountry "ESP"]

1. e4 e5 2. Nf3 Nc6 3. Bc4 Bc5 4. c3 Nf6 5. d3 O-O 6. b4 Bb6 7. b5 Na5 8. Nxe5
Qe7 9. f4 d6 10. Ba3 Qe8 11. Nf3 Nxc4 12. dxc4 Qxe4+ 13. Qe2 Qxf4 14. g3 Qe4
15. Nbd2 Qxe2+ 16. Kxe2 Re8+ 17. Kf1 Bh3# 0-1

[Event "CE Selecciones Autonómicas U14"]
[Site "Padrón"]
[Date "2017.06.23"]
[Round "3.4"]
[White "Quintas Fernandez, Paula"]
[Black "Periotto Miori, Caterina"]
[Result "1-0"]
[WhiteElo "1331"]
[BlackElo "1275"]
[PlyCount "111"]
[EventDate "2017.06.22"]
[EventType ""]
[EventRounds "6"]
[EventCountry "ESP"]
[WhiteTeam "Galicia (U14)"]
[BlackTeam "Castilla La Mancha (U14)"]
[WhiteTeamCountry "ESP"]
[BlackTeamCountry "ESP"]

1. e4 c5 2. Nf3 d6 3. d4 cxd4 4. Nxd4 Nf6 5. Nc3 a6 6. Nf3 e6 7. Bc4 Be7 8. a4
O-O 9. O-O Nbd7 10. Bg5 Qc7 11. Qe2 b6 12. Rfd1 Bb7 13. Rd2 Rfd8 14. Rad1 h6
15. Bh4 Ne5 16. Nxe5 dxe5 17. Rxd8+ Bxd8 18. Bxf6 Bxf6 19. b3 Bg5 20. Rd3 Rd8
21. Rxd8+ Bxd8 22. Qd3 Bg5 23. g3 Qc6 24. h4 Be7 25. f3 Bc5+ 26. Kg2 Bd4 27.
Ne2 Qc5 28. c3 Be3 29. b4 Qc6 30. Bb3 Bc5 31. bxc5 Qxc5 32. Bc4 a5 33. Bb5 Qe7
34. Qd7 Qxd7 35. Bxd7 Ba6 36. Bb5 Bxb5 37. axb5 Kf8 38. c4 Ke7 39. Nc3 Kd6 40.
Na4 g6 41. Nxb6 Kc5 42. Na4+ Kd6 43. b6 Kd7 44. c5 Kc6 45. Kf2 f5 46. Ke3 g5
47. exf5 exf5 48. hxg5 hxg5 49. g4 fxg4 50. fxg4 Kb7 51. Ke4 Kc6 52. Kxe5 Kb5
53. b7 Kxa4 54. b8=Q Ka3 55. Qa8 Kb4 56. c6 1-0

[Event "CE Selecciones Autonómicas U14"]
[Site "Padrón"]
[Date "2017.06.23"]
[Round "3.1"]
[White "Labiano Hernandez, Juan"]
[Black "Gutierrez Guillen, Alvaro Jose"]
[Result "1/2-1/2"]
[WhiteElo "1630"]
[BlackElo "1561"]
[PlyCount "94"]
[EventDate "2017.06.22"]
[EventType ""]
[EventRounds "6"]
[EventCountry "ESP"]
[WhiteTeam "Navarra (U14)"]
[BlackTeam "Castilla y Leon (U14)"]
[WhiteTeamCountry "ESP"]
[BlackTeamCountry "ESP"]

1. e4 c6 2. d4 d5 3. exd5 cxd5 4. Bd3 Nc6 5. c3 Nf6 6. Nf3 e6 7. Bg5 Be7 8.
Nbd2 O-O 9. O-O Nd7 10. Bxe7 Qxe7 11. Re1 Qf6 12. Qe2 Rd8 13. Ne5 Ndxe5 14.
dxe5 Qe7 15. Nf3 b6 16. Nd4 Nxd4 17. cxd4 Bb7 18. Rac1 Rac8 19. Rc2 Rxc2 20.
Qxc2 g6 21. Rc1 Rc8 22. Qd2 Rxc1+ 23. Qxc1 Qb4 24. Qc3 Qxc3 25. bxc3 a6 26. Kf1
b5 27. Ke2 f5 28. Kd2 Kf7 29. Kc2 Ke7 30. Kb3 Kd7 31. Kb4 Kc6 32. Ka5 Bc8 33.
f3 h6 34. g4 h5 35. gxh5 gxh5 36. h4 Kb7 37. a4 bxa4 38. Bxa6+ Ka7 39. Bd3 Ba6
40. Bb1 a3 41. Kb4 f4 42. Kxa3 Be2 43. c4 Bxf3 44. cxd5 Bxd5 45. Bg6 f3 46.
Bxh5 f2 47. Be2 Bg2 1/2-1/2

[Event "CE Selecciones Autonómicas U14"]
[Site "Padrón"]
[Date "2017.06.23"]
[Round "3.2"]
[White "Quintana Toribio, Felix"]
[Black "Del Carmen Hernandez, Aimer"]
[Result "0-1"]
[WhiteElo "1529"]
[BlackElo "1619"]
[PlyCount "94"]
[EventDate "2017.06.22"]
[EventType ""]
[EventRounds "6"]
[EventCountry "ESP"]
[WhiteTeam "Castilla y Leon (U14)"]
[BlackTeam "Navarra (U14)"]
[WhiteTeamCountry "ESP"]
[BlackTeamCountry "ESP"]

1. d4 Nf6 2. c4 c5 3. d5 d6 4. Nc3 g6 5. e4 Bg7 6. f4 O-O 7. Nf3 e6 8. Be2 exd5
9. cxd5 Re8 10. Nd2 a6 11. a4 h5 12. h3 Nbd7 13. O-O Qe7 14. Bf3 Rb8 15. Nc4 b5
16. Na5 Rb6 17. Nc6 Qf8 18. axb5 axb5 19. Re1 Bb7 20. e5 dxe5 21. fxe5 Nh7 22.
e6 fxe6 23. dxe6 Ndf6 24. e7 Qf7 25. Nd8 Bxf3 26. Qxf3 Qc4 27. Bf4 b4 28. Bc7
Ra6 29. Rxa6 Qxa6 30. Nd5 Qa2 31. Nb6 Qxb2 32. Nc8 Qd4+ 33. Kh1 Ng5 34. Qe3
Qxe3 35. Rxe3 Nd5 36. Re1 Nxc7 37. Nd6 b3 38. Nxe8 Nxe8 39. Nc6 b2 40. Rb1 Ne4
41. Rxb2 Bxb2 42. Kg1 c4 43. Nb4 Ba3 44. Nc2 Bxe7 45. Kf1 c3 46. Ke2 N8d6 47.
Kd3 Bf6 0-1

[Event "CE Selecciones Autonómicas U14"]
[Site "Padrón"]
[Date "2017.06.23"]
[Round "3.3"]
[White "Salvatierra Alzorriz, Haizea"]
[Black "Punzon Avila, Iratxe"]
[Result "1-0"]
[WhiteElo "1605"]
[BlackElo "1371"]
[PlyCount "73"]
[EventDate "2017.06.22"]
[EventType ""]
[EventRounds "6"]
[EventCountry "ESP"]
[WhiteTeam "Navarra (U14)"]
[BlackTeam "Castilla y Leon (U14)"]
[WhiteTeamCountry "ESP"]
[BlackTeamCountry "ESP"]

1. e4 e5 2. Nf3 d6 3. d4 c6 4. dxe5 Qe7 5. Qxd6 Qxd6 6. exd6 Bxd6 7. Nc3 Bg4 8.
Be2 h6 9. h3 Bh5 10. Be3 Bb4 11. Bd2 Nd7 12. a3 Ba5 13. O-O Ngf6 14. Rfe1 O-O
15. e5 Bxf3 16. Bxf3 Nd5 17. Nxd5 Bxd2 18. Ne7+ Kh8 19. Red1 Nxe5 20. Rxd2 g6
21. Re2 Nxf3+ 22. gxf3 Rfe8 23. Rae1 Kh7 24. f4 f5 25. Re6 Rf8 26. Rxg6 Rae8
27. Rge6 Rf7 28. Kh2 h5 29. Kg3 Ref8 30. Kh4 Rg7 31. Kxh5 Rg2 32. Rh6+ Kg7 33.
Rg6+ Rxg6 34. Nxg6 Rb8 35. Re7+ Kg8 36. Kh6 a6 37. Rg7# 1-0

[Event "CE Selecciones Autonómicas U14"]
[Site "Padrón"]
[Date "2017.06.23"]
[Round "3.4"]
[White "Herguedas Manzanares, Lucia"]
[Black "Aramendia Ybarra, Carlota"]
[Result "0-1"]
[WhiteElo "1291"]
[BlackElo "1455"]
[PlyCount "100"]
[EventDate "2017.06.22"]
[EventType ""]
[EventRounds "6"]
[EventCountry "ESP"]
[WhiteTeam "Castilla y Leon (U14)"]
[BlackTeam "Navarra (U14)"]
[WhiteTeamCountry "ESP"]
[BlackTeamCountry "ESP"]

1. e4 c5 2. Nf3 Nc6 3. Bb5 g6 4. Nc3 Bg7 5. O-O a6 6. Bxc6 bxc6 7. d3 Qc7 8.
Qe1 e5 9. Be3 d6 10. h3 Nf6 11. Ne2 O-O 12. Qd2 Re8 13. c3 Bb7 14. Qc2 Rad8 15.
d4 cxd4 16. cxd4 exd4 17. Bxd4 Nxe4 18. Bxg7 Kxg7 19. Nc3 Nf6 20. b3 c5 21. Nh4
d5 22. Na4 Rc8 23. Rac1 c4 24. a3 Qf4 25. g3 cxb3 26. gxf4 bxc2 27. Nb2 a5 28.
Kh2 Ba6 29. Rg1 d4 30. Nf5+ Kf8 31. Nd6 Rc6 32. Nxe8 Kxe8 33. Rg3 Ne4 34. Rg2
d3 35. f3 d2 36. Rgg1 dxc1=Q 37. Rxc1 Nd2 38. Kg3 Nb3 39. Rg1 c1=Q 40. Rxc1
Rxc1 41. Na4 Ra1 42. Nb6 Rxa3 43. Nd5 Nd4 44. Nf6+ Kf8 45. Nxh7+ Kg7 46. Ng5 f6
47. Ne4 Rxf3+ 48. Kg2 Bf1+ 49. Kg1 Ne2+ 50. Kh1 Rxh3# 0-1

[Event "CE Selecciones Autonómicas U14"]
[Site "Padrón"]
[Date "2017.06.23"]
[Round "3.1"]
[White "Carbonell Sancho, Marc"]
[Black "Masague Artero, Guerau"]
[Result "0-1"]
[WhiteElo "1921"]
[BlackElo "1966"]
[PlyCount "118"]
[EventDate "2017.06.22"]
[EventType ""]
[EventRounds "6"]
[EventCountry "ESP"]
[WhiteTeam "Valencia (U14)"]
[BlackTeam "Catalunya (U14)"]
[WhiteTeamCountry "ESP"]
[BlackTeamCountry "ESP"]

1. e4 c5 2. Nf3 Nc6 3. d4 cxd4 4. Nxd4 Nf6 5. Nc3 e5 6. Ndb5 d6 7. Bg5 a6 8.
Na3 b5 9. Nd5 Be7 10. Bxf6 Bxf6 11. c4 b4 12. Nc2 a5 13. g3 Be6 14. Bg2 O-O 15.
O-O Bg5 16. Qd3 Nb8 17. h4 Bh6 18. Rad1 Nd7 19. Nce3 Nc5 20. Qc2 Bxe3 21. Nxe3
Qb6 22. Nf5 Rfd8 23. b3 a4 24. Qd2 Ra7 25. h5 h6 26. Qe2 Bxf5 27. exf5 Nd7 28.
Bd5 Nf6 29. Kh2 Ra5 30. Qf3 Re8 31. Be4 axb3 32. axb3 Ra2 33. Kg2 Re7 34. Rfe1
Rea7 35. Re2 R7a3 36. Rd3 Qc5 37. Qe3 Qxe3 38. Rexe3 Ra6 39. Bf3 Rb2 40. Re2
Rxe2 41. Bxe2 Ne4 42. Bf3 Nc5 43. Re3 Ra3 44. Bd1 Ra1 45. Bc2 Ra2 46. Bd1 Rd2
47. Bf3 Kf8 48. Kf1 Ke7 49. Ke1 Rb2 50. Bd1 Kf6 51. g4 Kg5 52. Kf1 e4 53. Kg2
Kf4 54. Kf1 Nd3 55. Re2 Rb1 56. Rd2 Nb2 57. Ke2 Nxd1 58. Rxd1 Rxd1 59. Kxd1
Kxg4 0-1

[Event "CE Selecciones Autonómicas U14"]
[Site "Padrón"]
[Date "2017.06.23"]
[Round "3.2"]
[White "Ros Alonso, Joana"]
[Black "Garcia Gimenez, Santiago"]
[Result "0-1"]
[WhiteElo "1961"]
[BlackElo "1901"]
[PlyCount "50"]
[EventDate "2017.06.22"]
[EventType ""]
[EventRounds "6"]
[EventCountry "ESP"]
[WhiteTeam "Catalunya (U14)"]
[BlackTeam "Valencia (U14)"]
[WhiteTeamCountry "ESP"]
[BlackTeamCountry "ESP"]

1. e4 e5 2. Nc3 Nf6 3. g3 Bc5 4. Bg2 d6 5. Na4 Nc6 6. Ne2 Be6 7. Nxc5 dxc5 8.
b3 Qd7 9. d3 O-O-O 10. O-O h5 11. f4 Bg4 12. Qe1 h4 13. f5 Bxe2 14. Qxe2 hxg3
15. hxg3 Nd4 16. Qd1 Nxc2 17. Qxc2 Qd4+ 18. Be3 Qxe3+ 19. Qf2 Qxf2+ 20. Rxf2
Rxd3 21. Rc2 b6 22. b4 cxb4 23. Rac1 c5 24. Rc4 a5 25. a3 Rxa3 0-1

[Event "CE Selecciones Autonómicas U14"]
[Site "Padrón"]
[Date "2017.06.23"]
[Round "3.3"]
[White "Galvan Cipriani, Viviana"]
[Black "Riu Lopez, Sergio"]
[Result "1/2-1/2"]
[WhiteElo "1892"]
[BlackElo "1941"]
[PlyCount "76"]
[EventDate "2017.06.22"]
[EventType ""]
[EventRounds "6"]
[EventCountry "ESP"]
[WhiteTeam "Valencia (U14)"]
[BlackTeam "Catalunya (U14)"]
[WhiteTeamCountry "ESP"]
[BlackTeamCountry "ESP"]

1. Nf3 c5 2. c4 Nc6 3. Nc3 g6 4. g3 Bg7 5. Bg2 e5 6. d3 Nge7 7. Rb1 d6 8. a3 b6
9. b4 Bb7 10. bxc5 dxc5 11. e4 O-O 12. O-O Nd4 13. Ne1 f5 14. f4 Qd7 15. Nd5
Nec6 16. Nc2 Nxc2 17. Qxc2 Nd4 18. Qa2 Rae8 19. Be3 fxe4 20. Bxd4 exd4 21. Bxe4
Kh8 22. Qg2 Bc8 23. a4 Qd6 24. a5 bxa5 25. Rb5 a4 26. Ra5 Bd7 27. Rxa7 Rb8 28.
Bf3 Rb3 29. Be4 Rfb8 30. f5 gxf5 31. Bxf5 Bxf5 32. Rxf5 Qg6 33. Rf1 Qxd3 34.
Nf4 Qxc4 35. Ng6+ Kg8 36. Ne7+ Kh8 37. Ng6+ Kg8 38. Ne7+ Kh8 1/2-1/2

[Event "CE Selecciones Autonómicas U14"]
[Site "Padrón"]
[Date "2017.06.23"]
[Round "3.4"]
[White "Povill Claros, Laura"]
[Black "Sanleon Pravisano, Nieves"]
[Result "1-0"]
[WhiteElo "1788"]
[BlackElo "1838"]
[PlyCount "63"]
[EventDate "2017.06.22"]
[EventType ""]
[EventRounds "6"]
[EventCountry "ESP"]
[WhiteTeam "Catalunya (U14)"]
[BlackTeam "Valencia (U14)"]
[WhiteTeamCountry "ESP"]
[BlackTeamCountry "ESP"]

1. e4 c5 2. d4 cxd4 3. c3 d3 4. Bxd3 Nc6 5. Nf3 d6 6. h3 g6 7. O-O Nf6 8. Be3
Bg7 9. Qd2 O-O 10. c4 Nd7 11. Nc3 Nc5 12. Bb1 a5 13. Nd4 Nxd4 14. Bxd4 Bxd4 15.
Qxd4 Qb6 16. Nd5 Qd8 17. Bc2 f6 18. Rfd1 Rb8 19. b3 b5 20. cxb5 Rxb5 21. Qc4
Rb8 22. Nxf6+ Kg7 23. Nd5 Ba6 24. Qd4+ Kg8 25. Qe3 Rc8 26. Rac1 Qe8 27. e5 dxe5
28. Qxe5 Rf7 29. Re1 Nd3 30. Bxd3 Rxc1 31. Rxc1 Bxd3 32. Re1 1-0